Better wordpower / (رقم التسجيلة. 523)
[ عرض عادي ]
| 000 -الفاتح | |
|---|---|
| حقل البيانات ثابتة الطول | 00952cam a2200265 a 4500 |
| 001 - رقم الضبط | |
| رقم الضبط | 1672065 |
| 003 - محدد رقم الضبط | |
| رقم الضبط | OSt |
| 005 - وقت وتاريخ اخر تعامل مع التسجيلة | |
| رقم الضبط | 20150408113720.0 |
| 008 - عناصر البيانات ثابتة الطول - معلومات عامة | |
| حقل البيانات ثابتة الطول | 980811s1998 enka 000 0 eng |
| 010 ## - رقم ضبط مكتبة الكونجرس | |
| رقم ضبط مكتبة الكونجرس | 98039814 |
| 020 ## - الرقم الدولى المعيارى للكتب | |
| الرقم الدولى المعيارى للكتاب | 0198601565 |
| 040 ## - مصدر الفهرسة | |
| وكالة الفهرسة الأصلية | DLC |
| وكالة النسخ | DLC |
| وكالة التعديل | DLC |
| 050 00 - رقم طلب مكتبة الكونجرس | |
| رقم التصنيف | PE1449 |
| رقم المادة | .W418 1998 |
| 082 00 - رقم تصنيف ديوى العشرى | |
| رقم التصنيف | 428.1 |
| رقم الطبعة | 21 |
| 100 1# - المدخل الرئيسى - إسم شخصى | |
| الإسم الشخصى | Whitcut, Janet. |
| 9 (RLIN) | 5656 |
| 245 10 - بيان العنوان | |
| العنوان | Better wordpower / |
| بيان المسئوليه,etc | Janet Whitcut. |
| 246 3# - العنوان الموازى | |
| عنوان صحيح/عنوان مختصر | Better word power |
| 260 ## - PUBLICATION, DISTRIBUTION, ETC. (IMPRINT) | |
| مكان الناشر او الموزع | Oxford, UK ; |
| -- | New York : |
| اسم الناشر او الموزع | Oxford University Press, |
| تاريخ النشر أو التوزيع | 1998. |
| 300 ## - الوصف المادى | |
| التعداد | vi, 329 p. : |
| تفاصيل ماديه اخرى للوعاء | ill. ; |
| أبعاد الوعاء | 23 cm. |
| 650 #0 - المدخل الاضافى بالموضوع-مصطلح موضوعى | |
| مصطلح موضوعي أو اسم جغرافي كعنصر مدخل | Vocabulary. |
| 9 (RLIN) | 4055 |
| 856 42 - الوصول و الموقع الالكترونى | |
| مواد محددة | Publisher description |
| معرف المصدر الموحد | <a href="http://www.loc.gov/catdir/enhancements/fy0604/98039814-d.html">http://www.loc.gov/catdir/enhancements/fy0604/98039814-d.html</a> |
| 856 42 - الوصول و الموقع الالكترونى | |
| مواد محددة | Contributor biographical information |
| معرف المصدر الموحد | <a href="http://www.loc.gov/catdir/enhancements/fy0725/98039814-b.html">http://www.loc.gov/catdir/enhancements/fy0725/98039814-b.html</a> |
| 942 ## - عناصر المدخل الإضافي( كوها) | |
| مصدر التصنيف او مخطط الترفيف | Dewey Decimal Classification |
| Koha [default] item type | كتاب |
| حالة الفقد | نموذج السعر الفعال | حالة تلف | ليس للاعارة | رقم الطلب | تاريخ الاكتساب | الموقع الحالي | الباركود | الفرع الرئيسي | Date last checked out | Date last seen | نوع المادة فى نظام كوها | مصدر التصنيف او خطة الترفيف | Total Checkouts |
|---|---|---|---|---|---|---|---|---|---|---|---|---|---|
| 2013-03-10 | 428.1 W J B | 2011-10-26 | المكتبة المركزية بالمجمعة (CL) | 00047339 | المكتبة المركزية بالمجمعة (CL) | 2013-02-05 | 2013-05-21 | كتاب | Dewey Decimal Classification | 1 | |||
| 2013-03-10 | 428.1 W J B | 2011-10-26 | المكتبة المركزية بالمجمعة (CL) | 00047341 | المكتبة المركزية بالمجمعة (CL) | 2013-03-10 | كتاب | Dewey Decimal Classification | |||||
| 2013-03-10 | 428.1 W J B | 2011-10-26 | المكتبة المركزية بالمجمعة (CL) | 00047343 | المكتبة المركزية بالمجمعة (CL) | 2013-03-10 | كتاب | Dewey Decimal Classification |
